|
|
|
|
| LEADER |
03118nam a22003853i 4500 |
| 001 |
EBC7101220 |
| 003 |
MiAaPQ |
| 005 |
20240729202204.0 |
| 006 |
m o d | |
| 007 |
cr cnu|||||||| |
| 008 |
240729s2014 xx o ||||0 ger d |
| 020 |
|
|
|a 9783428572809
|q (electronic bk.)
|
| 020 |
|
|
|z 9783428172801
|
| 035 |
|
|
|a (MiAaPQ)EBC7101220
|
| 035 |
|
|
|a (Au-PeEL)EBL7101220
|
| 035 |
|
|
|a (OCoLC)1348483654
|
| 040 |
|
|
|a MiAaPQ
|b eng
|e rda
|e pn
|c MiAaPQ
|d MiAaPQ
|
| 100 |
1 |
|
|a Socialpolitik, Verein für.
|
| 245 |
1 |
0 |
|a Verhandlungen der Am 24. und 25. September 1886 in Frankfurt A. M. Abgehaltenen Generalversammlung des Vereins Für Socialpolitik über Die Wohnungsverhältnisse der ärmeren Klassen in Deutschen Großstädten :
|b Und über Innere Kolonisation Mit Rücksicht Auf Die Erhaltung und Vermehrung des Mittleren und Kleineren ländlichen Grundbesitzes. Auf Grund der Stenographischen Niederschrift Hrsg. Vom Ständigen Ausschuß. (Schriften des Vereins Für Socialpolitik XXXIII).
|
| 250 |
|
|
|a 1st ed.
|
| 264 |
|
1 |
|a Berlin :
|b Duncker & Humblot,
|c 2014.
|
| 264 |
|
4 |
|c {copy}1887.
|
| 300 |
|
|
|a 1 online resource (147 pages)
|
| 336 |
|
|
|a text
|b txt
|2 rdacontent
|
| 337 |
|
|
|a computer
|b c
|2 rdamedia
|
| 338 |
|
|
|a online resource
|b cr
|2 rdacarrier
|
| 490 |
1 |
|
|a Duncker and Humblot Reprints Series
|
| 505 |
0 |
|
|a Intro -- Inhaltsverzeichniß. -- Erste Sitzung. Freitag den 24. September 1886. Vormittags 9 1/4 Uhr. -- Referat von Oberbürgermeister Dr. Miquel (Frankfurt a. M.) über die Wohnungsverhältnisse der ärmeren Klassen in deutschen Großstädten. -- Korreferat von Pastor v. Bodelschwingh über die Wohnungsverhältnisse der ärmeren Klassen in deutschen Großstädten. -- Zweite Sitzung. Sonnabend den 25. September 1886. Vormittags 9 1/4 Uhr. -- Referat von Sombart-Ermsleben über innere Kolonisation mit Rücksicht auf die Erhaltung und Vermehrung des mittleren und kleineren ländlichen Grundbesitzes. -- Korreferat von Professor Dr. G. Schmoller (Berlin) über innere Kolonisation mit Rücksicht auf die Erhaltung und Vermehrung des mittleren und kleineren ländlichen Grundbesitzes. -- Liste der Theilnehmer an der Versammlung des Vereins für Socialpolitik in Frankfurt am Main am 24. und 25. September 1886. -- Verzeichnis der Redner.
|
| 588 |
|
|
|a Description based on publisher supplied metadata and other sources.
|
| 590 |
|
|
|a Electronic reproduction. Ann Arbor, Michigan : ProQuest Ebook Central, 2024. Available via World Wide Web. Access may be limited to ProQuest Ebook Central affiliated libraries.
|
| 655 |
|
4 |
|a Electronic books.
|
| 776 |
0 |
8 |
|i Print version:
|a Socialpolitik, Verein für
|t Verhandlungen der Am 24. und 25. September 1886 in Frankfurt A. M. Abgehaltenen Generalversammlung des Vereins Für Socialpolitik über Die Wohnungsverhältnisse der ärmeren Klassen in Deutschen Großstädten
|d Berlin : Duncker & Humblot,c2014
|z 9783428172801
|
| 797 |
2 |
|
|a ProQuest (Firm)
|
| 830 |
|
0 |
|a Duncker and Humblot Reprints Series
|
| 856 |
4 |
0 |
|u https://ebookcentral.proquest.com/lib/matrademy/detail.action?docID=7101220
|z Click to View
|